000 00292nam a2200121Ia 4500
008 191201s2011 xx 000 0 und d
100 _aBALAGURUSAMY,E
245 0 _aProgramming with JAVA: A Primer
260 _aN. Delhi
_bTMH
_c2011
300 _a454
650 _aB.Tech(IT)
942 _2ddc
_cBK
999 _c6390
_d6390